000 00511nam a2200181Ia 4500
003 OSt
005 20230511151908.0
008 210423s1990 xx 000 0 und d
040 _cAL
041 _aeng
082 _a370
_223
_bSERS
100 _aSERVEY (Richard ).
_9103651
245 _aSocial studies instruction in the elementary school.
260 _aKottaym
_bOxford University Press
_c1990
365 _b12
_cINR
906 _aelementary ; instruction ; school. ; Social ; studies
942 _2ddc
_cBK
999 _c172057
_d172057